000 01097nam a22002295i 4500
001 165073
003 ES-MaACL
005 20250824063728.0
008 990726s1844 sp |||| | spa d
040 _aCCPB | B
_bspa
_cCCPB | B
100 0 _aScribe, Eugène.
_9104966
245 1 3 _aLa calumnia
_b: comedia en cinco actos /
_cescrita en francés por Scribe ; traducida libremente por Ventura de la Vega.
260 _aMadrid :
_b[Manuel Delgado],
_c1844 (
_fImprenta de Repullés)
300 _a83 p. ;
_c19 cm.
490 1 _aGalería dramática. Coleccion de las mejores obras del Teatro Moderno Estrangero ;
_v31
596 _aNombre del ed. y serie tomados de la cub.
700 1 _aVega, Ventura de la,
_d1807-1865
_9113584
830 0 0 _aGalería dramática: colección de las mejores obras del teatro moderno estrangero
_v31
_9188549
852 _aES-MaACL
_jF-8607(11)
_z-- Enc. pasta española, falto de la cub. original
_z-- Enc. en un vol. facticio, formando parte de la col. facticia: "Teatro español moderno", nº 62
999 _c165073
_d165073